| 000 | 00969cam a22002654a 4500 | ||
|---|---|---|---|
| 001 | 13207690 | ||
| 005 | 20241115105754.0 | ||
| 008 | 030521s2004 maua b 001 0 eng | ||
| 020 | _a0072834110 (alk. paper) | ||
| 020 | _a0071214674 (international : alk. paper) | ||
| 050 | 0 | 0 |
_aQA76 _b.H215 2004 |
| 082 | 0 | 0 |
_a004 _221 |
| 100 | 1 | _aHaag, Stephen. | |
| 245 | 1 | 0 |
_aComputing concepts : _bcomplete edition / _cStephen Haag, Maeve Cummings, Alan I. Rea, Jr. |
| 250 | _a2nd ed. | ||
| 260 |
_aBoston : _bMcGraw-Hill Technology Education, _cc2004. |
||
| 300 |
_axxxi, 556 p. : _bill. (some col.) ; _c28 cm. |
||
| 440 | 4 | _aThe I series | |
| 650 | 0 | _aElectronic data processing. | |
| 700 | 1 | _aCummings, Maeve. | |
| 700 | 1 | _aRea, Alan I. | |
| 856 | 4 | 1 |
_3Table of contents _uhttp://www.loc.gov/catdir/toc/mh051/2003054084.html |
| 856 | 4 | 2 |
_3Contributor biographical information _uhttp://www.loc.gov/catdir/enhancements/fy0737/2003054084-b.html |
| 942 |
_2lcc _cBK _e21st _n0 |
||
| 999 |
_c1234 _d1234 |
||